[Event "GER-chT U10"]
[Site "Magdeburg"]
[Date "2014.12.28"]
[Round "5.2"]
[White "Miszori, Yannick"]
[Black "Toval, David"]
[Result "1-0"]
[WhiteElo "1219"]
[BlackElo "1149"]
[PlyCount "105"]
[EventDate "2014.12.27"]
[EventType "team-swiss"]
[EventRounds "7"]
[EventCountry "GER"]
[SourceTitle "EXT 2016"]
[Source "ChessBase"]
[SourceDate "2015.10.08"]
[SourceVersion "1"]
[SourceVersionDate "2015.10.08"]
[SourceQuality "1"]
[WhiteTeam "Peiner"]
[BlackTeam "Muenster"]
[WhiteTeamCountry "GER"]
[BlackTeamCountry "GER"]

1. Nf3 Nf6 2. c4 e6 3. d4 b6 4. Bg5 Bb7 5. Nc3 Bb4 6. Qc2 0-0 7. e3 h6 8. Bh4 d6 9. a3 Bxc3+ 10. Qxc3 Nbd7 11. Be2 Re8 12. 0-0 Nf8 13. h3 Ng6 14. Bg3 Ne4 15. Qc2 Nxg3 16. fxg3 Rc8 17. Bd3 Nf8 18. Rf2 Nd7 19. Raf1 Nf6 20. g4 e5 21. g5 hxg5 22. Nxg5 Re7 23. Bh7+ Kf8 24. Bf5 Ra8 25. Nh7+ Kg8 26. Nxf6+ gxf6 27. Bh7+ Kf8 28. Rxf6 e4 29. Qf2 Qd7 30. Bg6 Ke8 31. Qh4 Kd8 32. Rxf7 c6 33. Rxe7 Qxe7 34. Qxe7+ Kxe7 35. Rf7+ Ke6 36. Rxb7 d5 37. Kh2 Rf8 38. cxd5+ cxd5 39. Rf7 Rxf7 40. Bxf7+ Kxf7 41. g4 Kg7 42. Kg3 Kh7 43. Kf4 Kg8 44. g5 Kg7 45. h4 b5 46. h5 a5 47. Kf5 b4 48. h6+ Kh7 49. Ke5 b3 50. Kxd5 a4 51. Kxe4 Kg6 52. d5 Kf7 53. h7 1-0